000 00984 a2200205 4500
003 Nust
005 20170207153126.0
010 _a 96006765
020 _a8187105364
040 _cNust
082 0 0 _a005.133
100 1 _aLafore, Robert
245 1 0 _aC++ interactive course /
_cRobert Lafore.
260 _aCorte Madera, CA :
_bWaite Group Press,
_cc1996.
300 _axlv, 875 p. :
_bill. ;
_c23 cm. +
_e1 computer laser optical disc (4 3/4 in.)
505 _aA First Look at OOP and C++ (Page-1) Writing Complete OOP Programs (Page-51) Arrays and Strings (Page-123) Functions (Page-187) Constructors (Page-243) Operator Overloading (Page-295) Inheritance (Page-357) Points (Page-425) Virtual Function and Friend Function (Page-495) Streams and Files (Page-569) Templates Exceptions (Page-641) The Standard Template Library (Page-713)
538 _aAlmirah No.6 Shelf No.1
650 0 _aC++ (Computer program language)
650 0 _aObject-oriented programming (Computer science)
942 _2ddc
_cBK
999 _c179445
_d179445